000 00615nam a22002057a 4500
005 20211014000640.0
008 211013b |||||||| |||| 00| 0 sp d
020 _a84-7069-083-3
040 _aCUNOROC
_cCUNOROC
_dCUNOROC
041 1 0 _aspa
_gspa
_hspa
050 _a630.3 B582 V.2
082 _a630.3 B582 V.2
110 _aOCEANO
_923
245 _aBiblioteca práctica agrícola y ganadera:
_bPráctica de los cultivos
_cOCEANO
250 _aCarlos López Matteo
260 _aEspaña
_bCarlos López Matteo
300 _a223 p.;
_bil.;
_c25 cm.
650 _aESPAÑA
_vAGRICULTURA
_xCULTIVOS
_926
942 _2ddc
_cBK
_n0
999 _c14
_d14